ბათუმის შოთა რუსთაველის სახელმწიფო უნივერსიტეტის ბიბლიოთეკა

სავარჯიშოების კრებული თურქულ ენაში: (ბიბ.ჩანაწერი № 61371)

000 -LEADER
fixed length control field 00851nam a22001937a 4500
005 - DATE AND TIME OF LATEST TRANSACTION
control field 20240226150453.0
008 - FIXED-LENGTH DATA ELEMENTS--GENERAL INFORMATION
fixed length control field 240226s2016 tu ||||| |||| 00| 0 tur d
020 ## - INTERNATIONAL STANDARD BOOK NUMBER
International Standard Book Number 9789941465239
041 ## - LANGUAGE CODE
Language code of text/sound track or separate title tur
080 ## - UNIVERSAL DECIMAL CLASSIFICATION NUMBER
Universal Decimal Classification number 811.512.16 ა-93
100 ## - MAIN ENTRY--PERSONAL NAME
Personal name აფხაზავა, თეონა
9 (RLIN) 21293
245 ## - TITLE STATEMENT
Title სავარჯიშოების კრებული თურქულ ენაში:
Remainder of title კრ. 2 /
Statement of responsibility, etc. თეონა აფხაზავა ; რედაქტორი მარიკა ჯიქია.
264 ## - PRODUCTION, PUBLICATION, DISTRIBUTION, MANUFACTURE, AND COPYRIGHT NOTICE
Place of production, publication, distribution, manufacture თბილისი,
Date of production, publication, distribution, manufacture, or copyright notice 2016.
300 ## - PHYSICAL DESCRIPTION
Extent 178 გვ.;
Other physical details 30 სმ.
500 ## - GENERAL NOTE
General note პარალ. სათ. თურქულ ენაზე
653 ## - INDEX TERM--UNCONTROLLED
keyword თურქული ენა
700 ## - ADDED ENTRY--PERSONAL NAME
Personal name ჯიქია, მარიკა
Relator term რედაქტორი
9 (RLIN) 21288
942 ## - ADDED ENTRY ELEMENTS (KOHA)
Source of classification or shelving scheme
Koha item type ქსეროასლი
ეგზემპლარები
Withdrawn status Lost status Source of classification or shelving scheme Damaged status Not for loan Permanent Location Current Location Shelving location Date acquired Cost, normal purchase price Full call number Barcode Date last seen Copy number Price effective from Koha item type Public note
          ბათუმის შოთა რუსთაველის სახელმწიფო უნივერსიტეტის მთავარი ბიბლიოთეკა ბათუმის შოთა რუსთაველის სახელმწიფო უნივერსიტეტის მთავარი ბიბლიოთეკა წიგნსაცავი 2024-02-26 6.45 811.512.16 ა-93 00608 2024-02-26 00608 2024-02-26 ქსეროასლი 6 ლ. 45 თ.